000 01656nam a2200505 i 4500
001 19370
003 KOSZ 005
005 20210827080242.0
008 000320s1980 pl a f |000 0 pol d
015 _aPB 1980/8300
020 _a8301008725
035 _a991013512119705066
035 _a(PL-WaBN)b13640008-48omnis_nlop
035 _ab13640008
035 _a(OCoLC)751523838
035 _a(PL)b0000001364000
035 _a(EXLNZ-48OMNIS_NETWORK)9910471318705606
040 _aWA N
_cWA N
_dKOSZ 005/EG
041 0 _apol
046 _k1980
080 _a624.01/.07
080 _a744
080 _a(075.8)
100 1 _aPawłowski, Paweł
_c(budownictwo)
_eAutor
245 1 0 _aBudownictwo ogólne :
_bwymiarowanie /
_cPaweł Pawłowski, Rafał Pawłowski.
260 _aWarszawa ;
_aŁódź :
_bPańst. Wydaw. Naukowe,
_c1980.
300 _a673, [2] s. :
_bil. tab. wykr. ;
_c24 cm.
336 _2rdacontent
_aTekst
_btxt
337 _2rdamedia
_aBez urządzenia pośredniczącego
_bn
338 _2rdacarrier
_aWolumin
_bnc
380 _aKsiążki
380 _aPublikacje dydaktyczne
385 _mPoziom nauczania
_aSzkoły wyższe
388 _a1901-2000
388 _a1945-1989
650 7 _aBudownictwo
_2DBN
655 7 _aPodręczniki akademickie
_2DBN
655 7 _aRysunek techniczny
658 _aArchitektura i budownictwo
700 1 _aPawłowski, Rafał
_eAutor
710 2 _aPaństwowe Wydawnictwo Naukowe
856 _uhttp://koha.tu.koszalin.pl/cgi-bin/koha/opac-detail.pl?biblionumber=19370
_yKatalog online BPK
942 _2UKD
_cKS
999 _c19370
_d19370